| 000 | 00522nam a22001457a 4500 | ||
|---|---|---|---|
| 005 | 20090131145547.0 | ||
| 008 | 090131c xxu||||| |||| 00| 0 eng d | ||
| 245 | _aBusiness and travel times | ||
| 260 |
_aChennai _bGopali and company _c2008- |
||
| 300 |
_av. _c24 cm |
||
| 310 | _amonthly | ||
| 270 |
_aNo 38 (Old No .2 ) T Nagar, _bChennai _e600017 _k044-24330979 _l044-24332413 _mmoterindia@rediffmail.com |
||
| 942 |
_2ddc _cSR _s1 |
||
| 999 |
_c22755 _d22755 |
||